000 00450nam a22001817a 4500
003 koha_MIRAKIL
005 20231213095608.0
008 231213b |||||||| |||| 00| 0 ||| d
020 _b978-6-05-437703-9
040 _aTR-IsEVY
_btur
_cTR-IsEVY
082 _a828.3354 LAN/D
100 _aLANDY, DEREK.
245 0 _aDEDEKTİF KURUKAFA KARANLIK GÜNLER.
260 _bArtemis,
_c2012
300 _a415.
650 _aEdebiyat.
942 _2ddc
_cBK
999 _c6243
_d6243